Jasle, v ktorých hudba pomáha vychovávať a liečiť

Bibliographic Details
Main Author: Mátejová, Zlatica, 1935- (Author)
Format: Article
Language:Slovak

MARC

LEADER 00000nab a2200000ua 4500
001 vtls010744874
003 SK-MaSNL
005 20260304201011.0
008 250718s1975 xo |||||||||||||||||slo|
035 |a (urnnbn)urn:nbn:sk:snk:ar-a00czm 
035 |a (uuid)46ff1c04-6230-499f-aa41-5f89ae577705 
035 |a urn:nbn:sk:snk-ab4711 
040 |a SNKBUCL  |b slo  |c SNKBUCL  |e AACR2 
041 0 |a slo 
044 |a xo  |c SK 
100 1 |a Mátejová, Zlatica,  |d 1935-  |4 aut  |9 1532462 
245 1 0 |a Jasle, v ktorých hudba pomáha vychovávať a liečiť  |c Zlatica Matejová 
773 0 |t Rodina a škola : mesačník pre rodičov a učiteľov  |g Roč. 22, č. 5 (1975), s. 158-159 
850 |a Slovenská národná knižnica 
852 |a Slovenská národná knižnica 
954 |a odborná, vedecká literatúra pôvodná (slovenská)  |2 lita 
958 |a article3 
958 |a OND 
958 |a EUIPO 
999 |c 3092575  |d 3094505